zpět

Detail výsledku týmu

U Lucerny ST, Brno

Datum a čas kvízu

23 Celkem bodů Celkový počet nahraných bodů na tomto kvízu bez doplňovacích otázek.
9. Pořadí na kvízu Konečné umístění týmu na tomto kvízu.

Zaznamenané odpovědi

# Otázka Odpověď Body Výsledky
1. Ve středu schválil Senát Parla... Právo bránit sebe i ostatní se zbraní. 0
2. Dva vězni vzali minulou středu... ve Švédsku 0
3. Ve čtvrtek vstoupil do českých... Gump - pes, který naučil lidi žít 1
4. Minulý týden bylo rozhodnuto o... z Nizozemska 1
5. Uveďte jména obou vlajkonošů č... Petra Kvitová, Tomáš Satoranský 1
6. První zmínky o konzumaci čokol... olmécká civilizace/Olmékové 0
7. Semena kakaovníku se po uvolně... B 1
8. Za vynálezem konšovacího příst... Lindt 1
9. Znovu se vrátíme ke klíčové su... B 0
10. Bílá čokoláda, na rozdíl od os... kakaové máslo 1